[Event "Aragon-chT Honor Gr II"]
[Site "Aragon"]
[Date "2023.02.04"]
[Round "2.22"]
[White "Miranda Herrera, Jorge Manuel"]
[Black "Barranco Mananet, Fernando"]
[Result "1/2-1/2"]
[WhiteElo "2115"]
[BlackElo "2005"]
[PlyCount "64"]
[EventDate "2023.01.28"]
[EventType "team-tourn"]
[EventRounds "7"]
[EventCountry "ESP"]
[SourceTitle "EXT 2024"]
[Source "ChessBase"]
[SourceDate "2023.10.10"]
[SourceVersion "1"]
[SourceVersionDate "2023.10.10"]
[SourceQuality "1"]
[WhiteTeam "Marcos Frechin"]
[BlackTeam "Monzon"]
[WhiteTeamCountry "ESP"]
[BlackTeamCountry "ESP"]

1. e4 c5 2. c3 Nf6 3. e5 Nd5 4. g3 e6 5. Bg2 d6 6. exd6 Bxd6 7. Nf3 Nc6 8. 0-0 0-0 9. d4 cxd4 10. Nxd4 Nxd4 11. Qxd4 Qc7 12. c4 Be5 13. Qe4 Nf6 14. Qe2 Rb8 15. Re1 Bd6 16. Rd1 Bd7 17. Be3 b6 18. Nc3 Rfd8 19. Bg5 Bc6 20. Bxc6 Qxc6 21. Nb5 Rb7 22. Bxf6 gxf6 23. Nd4 Qc5 24. Nxe6 fxe6 25. Qxe6+ Kg7 26. Rd5 Qc6 27. Rad1 Re8 28. Qg4+ Kf7 29. Qh5+ Kg8 30. Qf3 Kf7 31. Qd3 Rd8 32. Qxh7+ Kf8 1/2-1/2

[Event "Aragon-chT Honor Gr I"]
[Site "Aragon"]
[Date "2022.03.05"]
[Round "6.18"]
[White "Miranda Herrera, Jorge Manuel"]
[Black "Latorre Abad, Fernando"]
[Result "1/2-1/2"]
[WhiteElo "2051"]
[BlackElo "2109"]
[PlyCount "90"]
[EventDate "2022.01.29"]
[EventType "team-tourn"]
[EventRounds "7"]
[EventCountry "ESP"]
[SourceTitle "EXT 2024"]
[Source "ChessBase"]
[SourceDate "2023.10.10"]
[SourceVersion "1"]
[SourceVersionDate "2023.10.10"]
[SourceQuality "1"]
[WhiteTeam "Marcos Frechin"]
[BlackTeam "Aragon ONCE"]
[WhiteTeamCountry "ESP"]
[BlackTeamCountry "ESP"]

1. e4 c5 2. c3 e6 3. d4 d5 4. exd5 exd5 5. Nf3 Nc6 6. Bb5 Bd6 7. dxc5 Bxc5 8. 0-0 Nge7 9. Nbd2 0-0 10. Nb3 Bd6 11. h3 Bf5 12. Nfd4 Bg6 13. f4 Be4 14. f5 Be5 15. Bxc6 Nxc6 16. Nxc6 bxc6 17. Be3 Re8 18. Nc5 Bc7 19. Bd4 Qg5 20. Qg4 Qxg4 21. hxg4 Bg3 22. Bf2 Bd6 23. Nb3 a5 24. Bc5 Bg3 25. Nd4 Rab8 26. b4 axb4 27. cxb4 Rbc8 28. Rad1 Be5 29. Nf3 Ra8 30. Rf2 Bg3 31. Re2 h5 32. gxh5 Bxf5 33. Rxe8+ Rxe8 34. Nd4 Bg4 35. Rc1 Bf4 36. Rc3 Be3+ 37. Kf1 Bxd4 38. Bxd4 Re6 39. a4 Bxh5 40. Rc2 Bd1 41. Ra2 Bb3 42. Ra3 Bc4+ 43. Kf2 Re2+ 44. Kf3 Rd2 45. Bc5 Rd3+ 1/2-1/2

[Event "Aragon-chT Preferente Gr-I"]
[Site "Aragon"]
[Date "2019.03.23"]
[Round "9.49"]
[White "Sanchez Herrera, Miguel"]
[Black "Miranda Herrera, Jorge Manuel"]
[Result "1-0"]
[WhiteElo "2088"]
[BlackElo "1950"]
[PlyCount "111"]
[EventDate "2019.01.26"]
[EventType "team-tourn"]
[EventRounds "9"]
[EventCountry "ESP"]
[SourceTitle "EXT 2020"]
[Source "ChessBase"]
[SourceDate "2019.10.17"]
[SourceVersion "1"]
[SourceVersionDate "2019.10.17"]
[SourceQuality "1"]
[WhiteTeam "Agrupacion II"]
[BlackTeam "Monsalud Soluzion"]
[WhiteTeamCountry "ESP"]
[BlackTeamCountry "ESP"]

1. Nf3 Nf6 2. d4 g6 3. e3 Bg7 4. Be2 0-0 5. 0-0 b6 6. Nbd2 Bb7 7. b3 c5 8. Bb2 d5 9. c4 Nbd7 10. Qc2 Rc8 11. Qd3 Ba6 12. Rac1 e6 13. Qb1 Qe7 14. h3 Rfd8 15. Rfe1 Bb7 16. Qa1 Nb8 17. dxc5 bxc5 18. Red1 Nc6 19. Ne5 d4 20. Nxc6 Rxc6 21. exd4 cxd4 22. Bxd4 Rcd6 23. Bc3 Rxd2 24. Rxd2 Rxd2 25. Bxd2 Ne4 26. Qb1 Nxd2 27. Qd3 Qg5 28. g4 Be4 29. Qe3 Qh4 30. Qxd2 Qxh3 31. f3 Be5 32. Bd1 Bxf3 33. Bxf3 Qxf3 34. Qd1 Qe3+ 35. Kg2 Qg3+ 36. Kf1 Qh3+ 37. Ke1 Bg3+ 38. Kd2 e5 39. Kc2 Bf4 40. Rb1 Qh2+ 41. Kd3 Qxa2 42. b4 f5 43. gxf5 gxf5 44. Kc3 Qf2 45. Qd5+ Kg7 46. Rd1 Qe3+ 47. Kc2 h5 48. Qd7+ Kg6 49. Qe8+ Kg5 50. Qg8+ Kh4 51. Rh1+ Qh3 52. Rxh3+ Kxh3 53. Qg6 h4 54. c5 Bg3 55. Qxf5+ Kg2 56. Qe4+ 1-0

[Event "Aragon-chT Preferente Gr-I"]
[Site "Aragon"]
[Date "2019.03.09"]
[Round "7.45"]
[White "Galve Guinea, Alejandro"]
[Black "Miranda Herrera, Jorge Manuel"]
[Result "1-0"]
[WhiteElo "2001"]
[BlackElo "1950"]
[PlyCount "55"]
[EventDate "2019.01.26"]
[EventType "team-tourn"]
[EventRounds "9"]
[EventCountry "ESP"]
[SourceTitle "EXT 2020"]
[Source "ChessBase"]
[SourceDate "2019.10.17"]
[SourceVersion "1"]
[SourceVersionDate "2019.10.17"]
[SourceQuality "1"]
[WhiteTeam "El Olivar III"]
[BlackTeam "Monsalud Soluzion"]
[WhiteTeamCountry "ESP"]
[BlackTeamCountry "ESP"]

1. d4 d5 2. Nf3 Nf6 3. c4 c6 4. Nc3 g6 5. cxd5 cxd5 6. Bf4 Bg7 7. e3 0-0 8. Bd3 Nc6 9. h3 b6 10. 0-0 Bb7 11. Rc1 Rc8 12. Qa4 a6 13. b4 a5 14. b5 Nb8 15. Ne5 Nfd7 16. Nf3 Nf6 17. Rc2 Nbd7 18. Rfc1 Ne4 19. Nxe4 dxe4 20. Rxc8 Qxc8 21. Rxc8 Rxc8 22. Be2 exf3 23. Bxf3 Bxf3 24. gxf3 e5 25. dxe5 Nxe5 26. Qe4 Re8 27. Qb7 g5 28. Bxe5 1-0

[Event "Aragon-chT Preferente Gr-I"]
[Site "Aragon"]
[Date "2019.02.16"]
[Round "4.45"]
[White "Miranda Herrera, Jorge Manuel"]
[Black "Antonano Fedz Quincoces, Avelino"]
[Result "0-1"]
[WhiteElo "1950"]
[BlackElo "2164"]
[PlyCount "84"]
[EventDate "2019.01.26"]
[EventType "team-tourn"]
[EventRounds "9"]
[EventCountry "ESP"]
[SourceTitle "EXT 2020"]
[Source "ChessBase"]
[SourceDate "2019.10.17"]
[SourceVersion "1"]
[SourceVersionDate "2019.10.17"]
[SourceQuality "1"]
[WhiteTeam "Monsalud Soluzion"]
[BlackTeam "St Casablanca III"]
[WhiteTeamCountry "ESP"]
[BlackTeamCountry "ESP"]

1. e4 e5 2. Nf3 Nc6 3. Bc4 Nf6 4. 0-0 Nxe4 5. Qe2 d5 6. Bb5 Bg4 7. d3 Bxf3 8. Qxf3 Nf6 9. Re1 Bd6 10. Bg5 0-0 11. Bxc6 bxc6 12. c4 h6 13. Bh4 e4 14. dxe4 dxe4 15. Qf5 Rb8 16. Nc3 Qd7 17. Qa5 Ng4 18. h3 Ne5 19. Nxe4 Nxc4 20. Qc3 Ne5 21. Rad1 f6 22. Bg3 Rfe8 23. Bxe5 fxe5 24. Re3 Qe7 25. b3 c5 26. Red3 Rb6 27. Qa5 Rb4 28. Nxd6 cxd6 29. Rxd6 Rd4 30. Qa6 Rd8 31. Qc4+ Kh8 32. R1xd4 cxd4 33. Rxd8+ Qxd8 34. Qd3 Qc7 35. Qc4 Qd7 36. Qd3 Qc6 37. Kf1 Qd5 38. f3 Qa5 39. Qc2 Qa6+ 40. Qc4 Qg6 41. Ke2 Qxg2+ 42. Ke1 Qxf3 0-1

[Event "Aragon-chT Preferente Gr I "]
[Site "Aragon"]
[Date "2018.02.17"]
[Round "4.41"]
[White "Miranda Herrera, Jorge Manuel"]
[Black "Cid Royo, Jonathan"]
[Result "1/2-1/2"]
[WhiteElo "1858"]
[BlackElo "2244"]
[PlyCount "64"]
[EventDate "2018.01.27"]
[EventType "team-tourn"]
[EventRounds "9"]
[EventCountry "ESP"]
[SourceTitle "EXT 2019"]
[Source "ChessBase"]
[SourceDate "2018.10.10"]
[SourceVersion "1"]
[SourceVersionDate "2018.10.10"]
[SourceQuality "1"]
[WhiteTeam "Monsalud Soluzion"]
[BlackTeam "La Aurora Estadilla"]
[WhiteTeamCountry "ESP"]
[BlackTeamCountry "ESP"]

1. e4 c5 2. g3 d6 3. Bg2 g6 4. Ne2 Bg7 5. 0-0 e5 6. c3 Nc6 7. d3 Nge7 8. Be3 0-0 9. Nd2 Rb8 10. f4 b5 11. f5 f6 12. g4 b4 13. c4 g5 14. Ng3 Bd7 15. Nf3 Nd4 16. Kf2 Kf7 17. Qd2 h6 18. Kg1 Nec6 19. Bxd4 cxd4 20. Qc2 Qb6 21. Nd2 Na5 22. b3 Nb7 23. Bf3 Nc5 24. Kg2 a5 25. Rh1 a4 26. Be2 Ra8 27. h4 axb3 28. axb3 Ra3 29. hxg5 hxg5 30. Ra2 Qa5 31. Rb2 Ra8 32. Qc1 Ra2 1/2-1/2

[Event "Zaragoza Province-ch Primera"]
[Site "Zaragoza"]
[Date "2015.10.04"]
[Round "2"]
[White "Miranda Herrera, Jorge Manuel"]
[Black "Gaston Cabello, Jorge Luis"]
[Result "1/2-1/2"]
[WhiteElo "1574"]
[BlackElo "1731"]
[PlyCount "95"]
[EventDate "2015.09.27"]
[EventType "swiss"]
[EventRounds "6"]
[EventCountry "ESP"]
[SourceTitle "CBM 170 Extra"]
[Source "ChessBase"]
[SourceDate "2016.02.25"]
[SourceVersion "1"]
[SourceVersionDate "2016.02.25"]
[SourceQuality "1"]

1. e4 c5 2. Nc3 Nc6 3. g3 g6 4. d3 Bg7 5. Be3 d6 6. Qd2 Nf6 7. f3 Be6 8. h4 h5 9. Nge2 a6 10. d4 cxd4 11. Nxd4 Bd7 12. Bc4 Ne5 13. Bb3 Rc8 14. 0-0 Nc4 15. Bxc4 Rxc4 16. b3 Rc7 17. Nd5 Nxd5 18. exd5 Qc8 19. Rac1 b5 20. Rfe1 0-0 21. Bh6 Re8 22. Bxg7 Kxg7 23. Re3 Qb7 24. c4 bxc4 25. Qc3 Kg8 26. bxc4 e5 27. dxe6 Bxe6 28. Nxe6 fxe6 29. Qf6 Kh7 30. Rb3 Qa7+ 31. Kg2 Rf7 32. Qc3 Ref8 33. Qe3 Qxe3 34. Rxe3 e5 35. Rd1 Rf6 36. Red3 Rb8 37. Rb3 Rc8 38. Rb4 Rc6 39. Kf2 Rf7 40. Ke3 Rfc7 41. Rd5 Kg7 42. Kd3 Kf7 43. f4 Ke6 44. fxe5 dxe5 45. Ra5 Rd7+ 46. Ke3 Rd4 47. Rb8 Rdxc4 48. Re8+ 1/2-1/2